A new approach to the I.C.E. conditions of contract. Vol 1 (Record no. 97836)

MARC details
000 -LEADER
fixed length control field 00505cam a2200193 4500
001 - CONTROL NUMBER
control field D6253
008 - FIXED-LENGTH DATA ELEMENTS--GENERAL INFORMATION
fixed length control field 090401t1975 xxu||||| |||| 00| 0 eng d
035 ## - SYSTEM CONTROL NUMBER
System control number (Sirsi) u93466
041 ## - LANGUAGE CODE
Language code of text/sound track or separate title eng
050 ## - LIBRARY OF CONGRESS CALL NUMBER
Classification number 624.08
100 ## - MAIN ENTRY--PERSONAL NAME
Personal name Jones, Glyn P
245 #2 - TITLE STATEMENT
Title A new approach to the I.C.E. conditions of contract. Vol 1
260 ## - PUBLICATION, DISTRIBUTION, ETC.
Place of publication, distribution, etc. Lancaster
Name of publisher, distributor, etc. Construction Press
Date of publication, distribution, etc. 1975
300 ## - PHYSICAL DESCRIPTION
Extent vii. 195p. 21cm
350 ## - PRICE (NR) (BK AM CF MU VM SE) [OBSOLETE]
Price 0
520 ## - SUMMARY, ETC.
Summary, etc. Uses flowcharts, not continuous text
942 ## - ADDED ENTRY ELEMENTS (KOHA)
Suppress in OPAC 0
948 ## - LOCAL PROCESSING INFORMATION (OCLC); SERIES PART DESIGNATOR (RLIN)
c (OCLC) 04/03/1997
Holdings
Withdrawn status Lost status Source of classification or shelving scheme Damaged status Not for loan Home library Current library Shelving location Date acquired Total Checkouts Full call number Barcode Date last seen Date last checked out Copy number Price effective from Koha item type
    Dewey Decimal Classification     London London Basement 14/09/1999 3 BASEMENT 30007020 06/08/2019 23/12/2002 1 06/08/2019 Book